LIBRARY & INFORMATION CENTRE, KCAET, TAVANUR

ONLINE PUBLIC ACCESS CATALOGUE (OPAC)

Production Processes : The Productivity Handbook / (Record no. 3117)

MARC details
000 -LEADER
fixed length control field 00411cam a2200157ua 4500
041 ## - LANGUAGE CODE
Language code of text/sound track or separate title eng
082 ## - DEWEY DECIMAL CLASSIFICATION NUMBER
Classification number 028.7167
Item number BOL/PR
100 ## - MAIN ENTRY--AUTHOR NAME
Personal name Bolz, Roger W .
245 ## - TITLE STATEMENT
Title Production Processes : The Productivity Handbook /
250 ## - EDITION STATEMENT
Edition statement 1 /
260 ## - PUBLICATION, DISTRIBUTION, ETC. (IMPRINT)
Place of publication New York :
Name of publisher ndustrial Press ,
Year of publication 1977.
300 ## - PHYSICAL DESCRIPTION
Number of Pages 1261 ; .
942 ## - ADDED ENTRY ELEMENTS (KOHA)
Koha item type Books
Holdings
Withdrawn status Lost status Damaged status Home library Current library Date acquired Full call number Accession Number Koha item type
      KAUAET KAUAET 19/08/1986 028.7167 15356 Reference
free website counter